000 00883cam a22002777a 4500
003 CHAP
005 20220329135348.0
008 971013s1894 r 00010 d
010 _a35069
011 _a36041
035 _a40160
040 _cCHAP
090 _aFolleto 7963
110 _aMéxico. Leyes, decretos, etc.
_977071
245 0 _aLeyes sobre vías generales de comunicación y aprovechamiento de las aguas de Jurisdicción Federal
260 _aMéxico, D.F. :
_bSecretaría de Fomento,
_c1894
300 _a10 p
590 _aBATCH-UPD
_b10
_c20130110
_lUCH01
_h1318
590 _aBATCH-UPD
_b10
_c20130410
_lUCH01
_h0828
590 _aBATCH-UPD
_b10
_c20130914
_lUCH01
_h0308
590 _aCONVERSION
_b10
_c20130109
_lUCH01
_h1320
650 1 4 _aAgua
_xLeyes
_xMéxico.
_92387
901 _aBK
942 _cFOLL
949 _aFolleto 7963
_bBC
_cBPP
_d-91741
_eBPP
_i40160
_si
999 _c35069
_d35069